000 01024cam a22003377a 4500
003 CHAP
005 20220817040832.0
008 971013s1989 r 00010 d
010 _a1166
011 _a2138
035 _a1329
040 _cCHAP
082 _a338.175
_bF31
110 2 _aFAO
245 0 _aHorticultural marketing
_b: a resource and training manual for extension officers
260 _aRome :
_bFAO,
_c1989
300 _a118 p.
_b: ilus.
410 _aFAO
490 0 _aFAO. Servicios agrícolas
_v; 76
590 _aBATCH-UPD
_b10
_c20130110
_lUCH01
_h1626
590 _aBATCH-UPD
_b10
_c20130410
_lUCH01
_h1020
590 _aBATCH-UPD
_b10
_c20130914
_lUCH01
_h1341
590 _aCONVERSION
_b10
_c20130109
_lUCH01
_h1302
650 1 4 _aHorticultura
_xAspectos económicos.
_956299
650 1 4 _aLegumbres
_xMercadeo.
_965740
810 0 _aFAO
830 0 0 _aFAO. Servicios agrícolas
_v; 76
_939697
901 _aBK
942 _cLIBRO
949 _a338.175 F31
_bBC
_cFAO
_d33724002208330
_eFAO1
_h78637
_i1329
_sb
999 _c1166
_d1166